000 00372nam a22001577a 4500
003 MPLRDC
005 20220104143241.0
008 210129b ||||| |||| 00| 0 eng d
082 _a810.9 ZGWX v.3*
100 _a不详
245 _a世界文学大纲. 三
_c
260 _a
_b香港文学研究社
_c1957
300 _b
650 _a
942 _cBK
_o810.9 ZGWX v.3*
999 _c38082
_d38072